000 00303 a2200097 4500
001 12687
100 _aShahzad Alam
245 _aProceedings of 1st International conference on Frontiers of Advanced engineering Materials(FAEM-04)
260 _a
_bCh. M.Boota printers Lahore
_c2005
090 _c9682
_d9682
942 _aNUST-CAE
_cM
_c36580
999 _c247760
_d247760